28 - Né(es) - 28 janvier - Statistiques

Statistiques générales
  • Ce quiz a été pris 13 fois
  • Le résultat moyen est 2 sur 11
Statistiques - réponses
Hint Année de naissance Réponse % Correct
Homme politique français, connu pour avoir été président de la République française de 2007 à 2012. 1955 Nicolas Sarközy de Nagy-Bocsa|Nicolas Sarkozy
91%
Chanteur et guitariste gallois qui a longtemps accompagné Jean-Jacques Goldman. 1952 Michael Jones
45%
Acteur américain, vu dans "Le Bon Fils", "Flipper", "Deep Impact", "Le Seigneur des anneaux". 1981 Elijah Wood
27%
Syndicaliste et homme politique français, membre du Parti communiste français (PCF) et considéré comme le fondateur de la Sécurité sociale. 1901 Ambroise Croizat
18%
Écrivaine française. Auteure de "Claudine à l'école" (1900), "Chéri" (1920), "La Maison de Claudine" (1922), "Le Blé en herbe" (1923), "Sido" (1930)", "Gigi" (1944). 1873 Colette|Sidonie-Gabrielle Colette
18%
Homme politique britannique, connu pour être devenu roi en 1485 après la bataille de Bosworth. 1457 Henri VII|Henri Tudor
18%
Actrice française, connue pour avoir joué l'épouse de Jean Gabin dans "Un singe en hiver" ainsi que dans "Sous le signe du taureau", "L'Été meurtrier", "La Vouivre", "Les Enfants du marais", "Un crime au Paradis", "Effroyables Jardins", "Monsieur Klein". 1918 Suzanne Flon
18%
Peintre américain, connu pour sa pratique du "all-over" ainsi que du "dripping". Parmi ses oeuvres: "Rythme d'automne (numéro 30)" et "Blue Poles". 1912 Jackson Pollock
9%
Directeur de théâtre français. Un théâtre parisien porte son nom. Compte parmi ses ancêtres le chirurgien de Louis XV. 1886 André Daviel|Jacques Hébertot
0%
Pianiste polonais naturalisé américain. A eu pour surnom "Master pianist". A le même nom qu'une marque de cosmétiques. 1887 Arthur Rubinstein|Artur Rubinstein
0%
Homme d'affaires mexicain, connu pour être l'un des hommes les plus riches du monde. Propriétaire du Grupo Carso. 1940 Carlos Slim Helú
0%
Aucun quiz correspondant
Distribution des résultats
% des personnes avec chaque résultat
Percentile par nombre de réponses
Votre historique - résultats
Vous n’avez pas pris ce quiz